000
00237nam a2200109Ia 4500
100
_a
Mehta/V.G.
942
_c
BK
245
_a
Income tax ready reckoner 2010-2011
260
_b
Shri Kuber Publ.
_a
Mumbai
546
_a
ENGLISH
999
_c
35707
_d
35707